000 00670nam a2200205Ii 4500
003 JO-AjNU
008 230605s9999||||xx |||||||||||||| ||und||
017 _a2008/5/1535
040 _aJO-AjNU
_bara
_erda
_cJO-AjNU
041 _aara
050 1 4 _aPJ7976.U456.M8 2006
100 3 _aالزغول، رفعات راجي,
_eauthor
_958375
245 0 0 _aقصص وأحداث من واقع الحياة: مذكرات طبيب أسنان
264 3 1 _aعمان: المؤلف، 2008
300 _a126ص
336 _atext
_btxt
_2rdacontent
337 _aunmediated
_bn
_2rdamedia
338 _avolume
_bnc
_2rdacarrier
650 4 _aقصص واقعية - مذكرات
_958376
999 _aA26211
_c29779
_d29779